Obras jocosas / (Registro nro. 10496)

Detalles MARC
000 -LIDER
fixed length control field 00833nam a22002777a 4500
001 - NÚMERO DE CONTROL
Identificador de número de control 00045203
003 - IDENTIFICACDOR DE NÚMERO DE CONTROL
control field DO-SdBNP
005 - DATE AND TIME OF LATEST TRANSACTION
control field 20230516095850.0
007 - CAMPOS FIJOS DE DESCRIPCIÓN FÍSICA
fixed length control field 00045203
008 - ELEMENTOS DE LONGITUD FIJA
fixed length control field 160622b 1982 sp | 00| 0 spa d
020 ## - ISBN
International Standard Book Number 8475200575
040 ## - FUENTE DE CATALOGACIÓN
Agencia que crea de manera original el registro BPMSU
Idioma de catalogación spa
Agencia que realiza la transcripción BPMSU
082 #4 - NÚMERO DE CLASIFICACIÓN DECIMAL DE DEWEY
Classification number 867.3
Item number Q5o 1982
Edition number 22
100 1# - ASIENTO PRINCIPAL -- NOMBRE PERSONAL
Nombre personal Quevedo, Francisco de,
Fechas asociadas con el nombre 1580-1645.
245 10 - MENCIÓN DE TITULO
Título Obras jocosas /
Mención de responsabilidad Francisco de Quevedo ; prólogo Isabel Guillén Pardo.
250 ## - MENCIÓN DE EDICION
Mención de edición 2ª ed.
260 ## - PUBLICACIÓN, DISTRIBUCIÓN, ETC. (PIE DE IMPRENTA)
Lugar de publicación, distribución, etc Madrid :
Nombre del editor, distribuidor, etc. Ediciones Busma,
Fecha de publicación, distribución, etc 1982.
300 ## - DESCRIPCIÓN FÍSICA
Extensión 174, [10] p. ;
Dimensiones 19 cm.
490 0# - MENCIÓN DE SERIES
Mención de serie Poesía y prosa popular,
Volume/sequential designation 38
590 ## - NOTA LOCAL
Enlace Inventariado, 2023/VM
650 #4 - ENCABEZAMIENTO DE MATERIA--TEMÁTICO
Término temático o nombre geográfico como elemento de entrada Sátira española
650 #4 - ENCABEZAMIENTO DE MATERIA--TEMÁTICO
Término temático o nombre geográfico como elemento de entrada Humorismo español
700 1# - ASIENTO SECUNDARIO -- NOMBRE PERSONAL
Nombre personal Guillén Pardo, Isabel,
Mención de responsabilidad pról.
910 ## - VALIDACIÓN
Validación LOPEREZ/ VMateo V. Control de calidad (BPMSU)
942 ## - ADDED ENTRY ELEMENTS (KOHA)
Source of classification or shelving scheme Dewey Decimal Classification
Koha item type Libros
Existencias
Withdrawn status Lost status Source of classification or shelving scheme Damaged status Not for loan Collection code Home library Current library Date acquired Source of acquisition Full call number Barcode Date last seen Price effective from Koha item type
    Dewey Decimal Classification     Colección General Biblioteca Pública Metropolitana Salomé Ureña Biblioteca Pública Metropolitana Salomé Ureña 06/22/2016 Donación BPMSU CG 867.3 Q5o 1982 BPMSU16060363 06/22/2016 06/22/2016 Libros